the water engineeing and irrigation system of the nabataeans / (رقم التسجيلة. 120758)

تفاصيل مارك
000 -الفاتح
عناصر البيانات ثابتة الطول 00552cam a2200181 i 4500
005 - تاريخ ووقت آخر معاملة
حقل ضبط 20260223134823.0
008 - عناصر البيانات ثابتة الطول
عناصر البيانات ثابتة الطول 250721s2009 jo gr 000 0 eng d
082 14 - رقم تصنيف ديوي العشري
رقم التصنيف 628.13956543
رقم المادة M U H
100 1# - مدخل رئيسي – اسم شخصي
الاسم الشخصي al-muheisen, zeidoun
علاقة الشخص بالعمل/ دوره author.
245 14 - بيان العنوان
العنوان the water engineeing and irrigation system of the nabataeans /
بيان المسؤولية Zeidoun AL Muheisen.
264 31 - بيانات النشر، التوزيع…إلخ
مكان النشر، التوزيع...إلخ jordan :
اسم الناشر، الموزع...إلخ yarmouk university,
تاريخ النشر، التوزيع...إلخ 2009.
300 ## - الوصف المادي
عدد الوحدات المكونة للوعاء 203Pages.
650 17 - مدخل إضافي بالموضوع - مصطلح موضوعي
مصطلح موضوعي أو اسم جغرافي كعنصر مدخل Water Engineering.
650 17 - مدخل إضافي بالموضوع - مصطلح موضوعي
مصطلح موضوعي أو اسم جغرافي كعنصر مدخل Jordan.
653 ## - رأس موضوع – غير مقيد
المصطلح / رأس الموضوع غير المقيد Nabataeans
942 ## - بيانات إضافية (كوها)
نوع التنصيف Dewey Decimal Classification
نوع المادة (كوها) كتب
المقتنيات
حالة السحب حالة الفقدان مصدر التصنيف حالة التلف غير قابل للإعارة المكتبة الرئيسية المكتبة الحالية موقع الرف تاريخ التزويد رقم المخزون Total Checkouts رقم الإستدعاء الباركود تاريخ آخر ظهور تاريخ الفاتورة نوع المادة (كوها)
    Dewey Decimal Classification     المكتبة المركزية المكتبة المركزية الإعارة 28/07/2025 1389565   628.13956543 / M U H PLD00154406 28/07/2025 28/07/2025 كتب
Implemented & Customized by: BBB with SCIT (Smart Chains for Information Technology)

Powered by Koha